LEADER 01061nam2-22003251i-450- 001 990000346210403321 005 20001010 035 $a000034621 035 $aFED01000034621 035 $a(Aleph)000034621FED01 035 $a000034621 100 $a20001010d--------km-y0itay50------ba 101 0 $aita 105 $ay-------001yy 200 1 $aChristian Huygens' nachgelassene Abhandlungen$eUber die Bewegung der Korper durch den Stoss Uber die Centrifugalkraft$fHerausgegeben von Felix Hausdorff. 210 $aLeipzig$cVerlag von Engelmann$d1903 215 $a79 p., 19 cm 225 1 $aOstwalds Klassiker der exakten Wissenschaften$vNr. 138 461 0$1001000034542$12001$aUeber Physikalische Kraftlinien 676 $a030 700 1$aHausdorff,$bFelix$019751 702 1$aHuygens,$bChristiaan 801 0$aIT$bUNINA$gRICA$2UNIMARC 901 $aBK 912 $a990000346210403321 952 $a04 210-1/138$bCI$fDINCH 959 $aDINCH 996 $aChristian Huygens' nachgelassene Abhandlungen$9125306 997 $aUNINA DB $aING01 LEADER 01384nas 2200433- 450 001 996347639503316 005 20210206035532.6 011 $a2526-6136 035 $a(OCoLC)1164470675 035 $a(CKB)5280000000195471 035 $a(CONSER)--2021204006 035 $a(DE-599)ZDB2928370-X 035 $a(EXLCZ)995280000000195471 100 $a20200623a20179999 --- b 101 0 $apor 135 $aur||||||||||| 181 $ctxt$2rdacontent 182 $cc$2rdamedia 183 $acr$2rdacarrier 200 00$aEducação matemática debate 210 1$aBrazil :$cUniversidade Estadual de Montes Claros,$d2017- 215 $aonline resource 300 $aRefereed/Peer-reviewed. 300 $aRefereed/Peer-reviewed 517 1 $aEMD 606 $aMathematics$xStudy and teaching$vPeriodicals 606 $aMathematics teachers$vPeriodicals 606 $aMathematics$xStudy and teaching$2fast$3(OCoLC)fst01012236 606 $aMathematics teachers$2fast$3(OCoLC)fst01012340 608 $aPeriodicals.$2fast 615 0$aMathematics$xStudy and teaching 615 0$aMathematics teachers 615 7$aMathematics$xStudy and teaching. 615 7$aMathematics teachers. 712 02$aUniversidade Estadual de Montes Claros, 906 $aJOURNAL 912 $a996347639503316 996 $aEducação matemática debate$92787901 997 $aUNISA LEADER 04896oam 2201441zu 450 001 9910698356103321 005 20251017110234.0 035 $a(CKB)3450000000002097 035 $a(SSID)ssj0000622388 035 $a(PQKBManifestationID)11407610 035 $a(PQKBTitleCode)TC0000622388 035 $a(PQKBWorkID)10637775 035 $a(PQKB)23090115 035 $a(WaSeSS)Innodata00029886 035 $a(OCoLC)183884914 035 $a(DNLM)1466813 035 $a(EXLCZ)993450000000002097 100 $a20160829d2007 uy 101 0 $aeng 135 $aur||||||||||| 181 $ctxt 182 $cc 183 $acr 200 00$aPrevention of urinary and fecal incontinence in adults 210 31$a[Place of publication not identified]$cU S Dept of Health and Human Services Public Health Service Agency for Healthcare Research and Q$d2007 215 $a1 online resource 225 0 $aEvidence report/technology assessment Prevention of urinary and fecal incontinence in adults 300 $aBibliographic Level Mode of Issuance: Monograph 320 $aIncludes bibliographical references. 410 0$aEvidence report/technology assessment ;$vno. 161. 410 0$aAHRQ publication ;$vno. 08-E003. 606 $aUrinary incontinence$xPrevention 606 $aFecal incontinence$xPrevention 606 $aEvidence-based medicine 606 $aRisk 606 $aEpidemiologic Studies 606 $aEvidence-Based Practice 606 $aRectal Diseases 606 $aCausality 606 $aClinical Medicine 606 $aUrination Disorders 606 $aUrological Manifestations 606 $aEpidemiologic Methods 606 $aUrologic Diseases 606 $aHealth Occupations 606 $aHealth Care Evaluation Mechanisms 606 $aProbability 606 $aEpidemiologic Factors 606 $aIntestinal Diseases 606 $aMedicine 606 $aSigns and Symptoms 606 $aStatistics as Topic 606 $aQuality of Health Care 606 $aMale Urogenital Diseases 606 $aPathological Conditions, Signs and Symptoms 606 $aFemale Urogenital Diseases 606 $aGastrointestinal Diseases 606 $aPublic Health 606 $aInvestigative Techniques 606 $aEnvironment and Public Health 606 $aHealth Care Quality, Access, and Evaluation 606 $aDigestive System Diseases 606 $aFemale Urogenital Diseases and Pregnancy Complications 606 $aDiagnostic Techniques and Procedures 606 $aDisease 606 $aDelivery of Health Care 606 $aFecal Incontinence 606 $aEvidence-Based Medicine 606 $aRisk Factors 606 $aUrinary Incontinence 606 $aMedicine$2HILCC 606 $aHealth & Biological Sciences$2HILCC 606 $aUrology & Nephrology$2HILCC 615 0$aUrinary incontinence$xPrevention. 615 0$aFecal incontinence$xPrevention. 615 0$aEvidence-based medicine. 615 2$aRisk. 615 2$aEpidemiologic Studies. 615 2$aEvidence-Based Practice. 615 2$aRectal Diseases. 615 2$aCausality. 615 2$aClinical Medicine. 615 2$aUrination Disorders. 615 2$aUrological Manifestations. 615 2$aEpidemiologic Methods. 615 2$aUrologic Diseases. 615 2$aHealth Occupations. 615 2$aHealth Care Evaluation Mechanisms. 615 2$aProbability. 615 2$aEpidemiologic Factors. 615 2$aIntestinal Diseases. 615 2$aMedicine. 615 2$aSigns and Symptoms. 615 2$aStatistics as Topic. 615 2$aQuality of Health Care. 615 2$aMale Urogenital Diseases. 615 2$aPathological Conditions, Signs and Symptoms. 615 2$aFemale Urogenital Diseases. 615 2$aGastrointestinal Diseases. 615 2$aPublic Health. 615 2$aInvestigative Techniques. 615 2$aEnvironment and Public Health. 615 2$aHealth Care Quality, Access, and Evaluation. 615 2$aDigestive System Diseases. 615 2$aFemale Urogenital Diseases and Pregnancy Complications. 615 2$aDiagnostic Techniques and Procedures. 615 2$aDisease. 615 2$aDelivery of Health Care. 615 2$aFecal Incontinence. 615 2$aEvidence-Based Medicine. 615 2$aRisk Factors. 615 2$aUrinary Incontinence. 615 7$aMedicine 615 7$aHealth & Biological Sciences 615 7$aUrology & Nephrology 702 $aShamliyan$b Tatyana 712 02$aUnited States Agency for Healthcare Research and Quality 712 02$aMinnesota Evidence-based Practice Center, 801 0$bPQKB 906 $aBOOK 912 $a9910698356103321 996 $aPrevention of urinary and fecal incontinence in adults$93129503 997 $aUNINA